000 00307 a2200145 4500
001 185264
020 _a
040 _cMagnum
100 _aRegina, Tia
240 1 0 _aA salamandra do jarau
_lpor
245 1 0 _aA salamandra do jarau
300 _a15
697 _aLITERATURA INFANTO-JUVENIL
942 _cBK
999 _c185264
_d185264